| 000 | 00506nam a2200181Ia 4500 | ||
|---|---|---|---|
| 005 | 20250326124118.0 | ||
| 008 | 250326s9999 xx 000 0 und d | ||
| 037 | _aTextbook | ||
| 040 |
_aFMSL _beng _cFMSL |
||
| 041 |
_aeng _2eng |
||
| 084 |
_aX:321 L5 _qFMSL |
||
| 100 |
_aWheeler G J _9637910 |
||
| 245 | 0 |
_aIntelligent consumer: how not to be a "conned-sumer" _cWheeler G J |
|
| 260 |
_aUSA _bUSA, Reston _c1975 |
||
| 300 | _a176p | ||
| 942 |
_cTB _hX:321 L5 |
||
| 999 |
_c1272338 _d1272338 |
||